00418nam a22001577a 450000500170000001000150001702000260003203500130005803700130007108200060008410000240009024500430011426000290015727000520018630000220023820141110111729.0 aENG-111130 c295.00a9789383074020 aEN-94662 bDBAD/PUB aS aGupta, Subhadra Sen aFoxy foursome /cby Subhadra Sen Gupta aNew DelhibZubaan c2014 bNew Delhie110049a128 B Shahpur Jat, 1st Floor a184p. c22cm(pbk)